Top 15 non-English Languages by State (Illinois) - Statistics

General Stats
  • This quiz has been taken 19 times
  • The average score is 12 of 15
Answer Stats
Answer % Correct
Arabic
100%
German
100%
Spanish
100%
Chinese
94%
Korean
94%
Polish
94%
French
89%
Russian
89%
Hindi
83%
Italian
78%
Urdu
78%
Vietnamese
78%
Tagalog
72%
Greek
56%
Gujarati
39%
No matching quizzes found
Score Distribution
Percent of People with Each Score
Percentile by Number Answered
Your Score History
You have not taken this quiz